000 00287nam a2200121Ia 4500
003 LDD
040 _cLDD
082 _a796 As78H
245 0 _aHandbook of rules and regulations for inter- university tournaments
260 _aNew Delhi
_bA.I.U.
_c1984
300 _axi,169p.
942 _2ddc
_cG
999 _c7544
_d7544